[Event "UAE President Cup"]
[Site "Al Ain"]
[Date "2008.08.27"]
[Round "6"]
[White "Othman, A Moussa"]
[Black "Mohamed, Hossein"]
[Result "1-0"]
[WhiteElo "2327"]
[BlackElo "2201"]
[PlyCount "49"]
[EventDate "2008.08.23"]
[EventType "swiss"]
[EventRounds "9"]
[EventCountry "UAE"]
[SourceTitle "CBM 126 Extra"]
[Source "ChessBase"]
[SourceDate "2008.11.05"]
[SourceVersion "1"]
[SourceVersionDate "2008.11.05"]
[SourceQuality "1"]

1. d4 Nf6 2. c4 c5 3. d5 e6 4. Nc3 exd5 5. cxd5 d6 6. e4 g6 7. Bd3 Bg7 8. h3 0-0 9. Nf3 Bd7 10. 0-0 b5 11. a3 c4 12. Bc2 a5 13. Be3 Na6 14. Rc1 Re8 15. Bd4 b4 16. axb4 axb4 17. Ne2 Bb5 18. Re1 Nxe4 19. Bxg7 Kxg7 20. Ned4 Nf6 21. Nxb5 Qb6 22. Rxe8 Rxe8 23. Nbd4 b3 24. Bb1 Rc8 25. Nxb3 1-0

[Event "UAE President Cup"]
[Site "Al Ain"]
[Date "2008.08.25"]
[Round "3"]
[White "Abdul, Majeed Mohamad"]
[Black "Mohamed, Hossein"]
[Result "1/2-1/2"]
[WhiteElo "2281"]
[BlackElo "2201"]
[PlyCount "61"]
[EventDate "2008.08.23"]
[EventType "swiss"]
[EventRounds "9"]
[EventCountry "UAE"]
[SourceTitle "CBM 126 Extra"]
[Source "ChessBase"]
[SourceDate "2008.11.05"]
[SourceVersion "1"]
[SourceVersionDate "2008.11.05"]
[SourceQuality "1"]

1. e4 c6 2. d4 d5 3. Nc3 dxe4 4. Nxe4 Bf5 5. Ng3 Bg6 6. h4 h6 7. Nf3 Nd7 8. h5 Bh7 9. Bd3 Bxd3 10. Qxd3 e6 11. Bf4 Qa5+ 12. Bd2 Qc7 13. 0-0-0 0-0-0 14. Kb1 Ngf6 15. Ne4 Nxe4 16. Qxe4 Bd6 17. g3 c5 18. c4 Rhe8 19. Bc3 Nf6 20. Qe2 cxd4 21. Nxd4 a6 22. Nf3 Qc5 23. Ne5 Bxe5 24. Bxe5 Rxd1+ 25. Rxd1 Rd8 26. Rxd8+ Kxd8 27. a3 Ke7 28. Ka2 b5 29. cxb5 axb5 30. Bxf6+ Kxf6 31. Kb3 1/2-1/2

[Event "UAE President Cup"]
[Site "Al Ain"]
[Date "2008.08.24"]
[Round "2"]
[White "Mohamed, Hossein"]
[Black "Mansour, Abbas Khoori"]
[Result "1-0"]
[WhiteElo "2201"]
[BlackElo "1968"]
[PlyCount "49"]
[EventDate "2008.08.23"]
[EventType "swiss"]
[EventRounds "9"]
[EventCountry "UAE"]
[SourceTitle "CBM 126 Extra"]
[Source "ChessBase"]
[SourceDate "2008.11.05"]
[SourceVersion "1"]
[SourceVersionDate "2008.11.05"]
[SourceQuality "1"]

1. Nf3 Nf6 2. c4 g6 3. d4 Bg7 4. g3 0-0 5. Bg2 d6 6. 0-0 c6 7. Nc3 Nbd7 8. e4 e5 9. h3 a6 10. Be3 Qe7 11. Qc2 h6 12. Rad1 Nh5 13. Rfe1 Re8 14. b4 exd4 15. Nxd4 Ne5 16. Na4 Be6 17. Nb6 Rad8 18. Kh2 Nf6 19. f4 Ned7 20. f5 gxf5 21. exf5 c5 22. fxe6 Nxb6 23. Nf5 Qc7 24. Bxh6 Bf8 25. Bxf8 1-0

[Event "Dubai op 10th"]
[Site "Dubai"]
[Date "2008.04.14"]
[Round "9"]
[White "Sadorra, Julio Catalino"]
[Black "Mohamed, Hossein"]
[Result "1-0"]
[WhiteElo "2455"]
[BlackElo "2222"]
[PlyCount "27"]
[EventDate "2008.04.06"]
[EventType "swiss"]
[EventRounds "9"]
[EventCountry "UAE"]
[SourceTitle "CBM 123 Extra"]
[Source "ChessBase"]
[SourceDate "2008.05.06"]
[SourceVersion "1"]
[SourceVersionDate "2008.05.06"]
[SourceQuality "1"]

1. Nf3 c5 2. c4 g6 3. e4 Bg7 4. d4 Qb6 5. dxc5 Qxc5 6. Be2 d6 7. 0-0 Nc6 8. Nfd2 a5 9. Nb3 Qb6 10. Be3 Qd8 11. Nc3 Nf6 12. Nd4 Ng4 13. Bxg4 Bxg4 14. Nxc6 1-0

[Event "Olomouc Inline Czechia Cup"]
[Site "Olomouc"]
[Date "2005.08.08"]
[Round "8"]
[White "Beil, Martin"]
[Black "Mohamed, Hossein"]
[Result "1-0"]
[WhiteElo "2212"]
[BlackElo "2230"]
[PlyCount "73"]
[EventDate "2005.08.03"]
[EventType "tourn"]
[EventRounds "11"]
[EventCountry "CZE"]
[EventCategory "3"]
[SourceTitle "CBM 107 Extra"]
[Source "ChessBase"]
[SourceDate "2005.09.01"]
[SourceVersion "1"]
[SourceVersionDate "2005.09.01"]
[SourceQuality "1"]

1. d4 Nf6 2. c4 c5 3. d5 e6 4. Nc3 exd5 5. cxd5 d6 6. Nf3 g6 7. g3 Bg7 8. Bg2 0-0 9. 0-0 Na6 10. Nd2 Nc7 11. a4 Rb8 12. Nc4 Re8 13. Bf4 Bf8 14. e4 Nh5 15. Be3 b6 16. f4 Ba6 17. Qb3 Bxc4 18. Qxc4 a6 19. Rae1 b5 20. Qd3 bxa4 21. Bc1 Rb3 22. g4 Nf6 23. Qd1 Qb8 24. e5 Nd7 25. e6 Nf6 26. f5 a3 27. exf7+ Kxf7 28. fxg6+ Kxg6 29. Qc2+ Kg7 30. Qf5 Rxe1 31. Qxf6+ Kg8 32. Qf7+ Kh8 33. Rxe1 axb2 34. Bg5 Bg7 35. Nb1 Rb7 36. Re7 Ne8 37. Qf5 1-0

[Event "Olomouc Inline Czechia Cup"]
[Site "Olomouc"]
[Date "2005.08.04"]
[Round "2"]
[White "Mankeyev, Rauan"]
[Black "Mohamed, Hossein"]
[Result "1-0"]
[WhiteElo "2344"]
[BlackElo "2230"]
[PlyCount "71"]
[EventDate "2005.08.03"]
[EventType "tourn"]
[EventRounds "11"]
[EventCountry "CZE"]
[EventCategory "3"]
[SourceTitle "CBM 107 Extra"]
[Source "ChessBase"]
[SourceDate "2005.09.01"]
[SourceVersion "1"]
[SourceVersionDate "2005.09.01"]
[SourceQuality "1"]

1. d4 Nf6 2. c4 c5 3. d5 e6 4. Nc3 exd5 5. cxd5 d6 6. e4 g6 7. f4 Bg7 8. Bb5+ Nfd7 9. a4 0-0 10. Nf3 Re8 11. 0-0 a6 12. Bd3 Qc7 13. Bc2 c4 14. Be3 Nf6 15. Bd4 Bg4 16. e5 Nfd7 17. exd6 Qxd6 18. Bxg7 Kxg7 19. Qd4+ Kg8 20. Ne5 Nc6 21. Qf2 Ncxe5 22. fxe5 Qc5 23. Qxc5 Nxc5 24. Rf4 Bf5 25. Bxf5 gxf5 26. Rxc4 Nd3 27. Rc7 Rxe5 28. Rd1 Nf4 29. Rxb7 Rd8 30. d6 Ne6 31. Ra7 a5 32. d7 Kf8 33. Rd5 Rxd5 34. Nxd5 Nc5 35. Nb6 Ke7 36. Rxa5 1-0

[Event "Gibraltar Masters"]
[Site "Caleta"]
[Date "2005.01.30"]
[Round "6"]
[White "Mohamed, Hossein"]
[Black "Coimbra, Margarida Goncalves"]
[Result "1/2-1/2"]
[WhiteElo "2233"]
[BlackElo "2081"]
[PlyCount "41"]
[EventDate "2005.01.25"]
[EventType "swiss"]
[EventRounds "10"]
[EventCountry "GGB"]
[SourceTitle "CBM 104 Extra"]
[Source "ChessBase"]
[SourceDate "2005.03.01"]
[SourceVersion "1"]
[SourceVersionDate "2005.03.01"]
[SourceQuality "1"]

1. Nf3 d5 2. g3 Nf6 3. Bg2 c6 4. 0-0 Bg4 5. c4 e6 6. d3 Bd6 7. Nc3 Nbd7 8. cxd5 cxd5 9. h3 Bxf3 10. Bxf3 0-0 11. Bg2 Rc8 12. e4 dxe4 13. dxe4 Bb4 14. Qe2 e5 15. Nd5 Bc5 16. Rd1 Nxd5 17. exd5 Qb6 18. Rd3 Qd6 19. Rb1 Rfe8 20. Be4 Nf6 21. Bg5 1/2-1/2

[Event "Abu Dhabi op 14th"]
[Site "Abu Dhabi"]
[Date "2004.08.21"]
[Round "7"]
[White "Mohamed, Hossein"]
[Black "Ramaswamy, Aarthie"]
[Result "1/2-1/2"]
[WhiteElo "2198"]
[BlackElo "2299"]
[PlyCount "106"]
[EventDate "2004.08.14"]
[EventType "swiss"]
[EventRounds "9"]
[EventCountry "UAE"]
[SourceTitle "CBM 103"]
[Source "ChessBase"]
[SourceDate "2004.11.11"]
[SourceVersion "1"]
[SourceVersionDate "2004.11.11"]
[SourceQuality "1"]

1. Nf3 Nf6 2. g3 b6 3. Bg2 Bb7 4. c4 c5 5. 0-0 g6 6. Nc3 Bg7 7. d4 cxd4 8. Qxd4 d6 9. b3 Nbd7 10. Bb2 0-0 11. Rfd1 Rc8 12. h3 Nc5 13. Qe3 a6 14. Rac1 Re8 15. Ne1 Bxg2 16. Kxg2 Qc7 17. Nc2 Qb7+ 18. Qf3 Qb8 19. Nb4 Nfd7 20. Kh2 Bh6 21. Rc2 b5 22. cxb5 axb5 23. Ne4 Nxe4 24. Rxc8 Qxc8 25. Qxe4 Bg7 26. Bxg7 Kxg7 27. Nd5 Nc5 28. Qd4+ Kg8 29. Rc1 Qf5 30. g4 Qg5 31. f4 Ne6 32. Qe4 Qh4 33. Qg2 h5 34. Qg3 Qxg3+ 35. Kxg3 hxg4 36. hxg4 Kg7 37. e3 Nc5 38. Kf3 Ra8 39. Rc2 Ra7 40. Nb4 Na6 41. Nxa6 Rxa6 42. a4 bxa4 43. bxa4 Rxa4 44. g5 Ra7 45. Rc8 f6 46. gxf6+ Kxf6 47. Rf8+ Kg7 48. Rd8 Kf7 49. Ke4 Ra4+ 50. Kd3 Ra1 51. Rb8 Ra5 52. Rb1 g5 53. fxg5 Rxg5 1/2-1/2

[Event "Abu Dhabi op 14th"]
[Site "Abu Dhabi"]
[Date "2004.08.18"]
[Round "5"]
[White "Mohamed, Hossein"]
[Black "Velikhanli, Firuza"]
[Result "0-1"]
[WhiteElo "2198"]
[BlackElo "2322"]
[PlyCount "82"]
[EventDate "2004.08.14"]
[EventType "swiss"]
[EventRounds "9"]
[EventCountry "UAE"]
[SourceTitle "CBM 103"]
[Source "ChessBase"]
[SourceDate "2004.11.11"]
[SourceVersion "1"]
[SourceVersionDate "2004.11.11"]
[SourceQuality "1"]

1. Nf3 d6 2. d4 Nf6 3. b3 g6 4. g3 Bg7 5. Bb2 0-0 6. Bg2 c6 7. 0-0 Bf5 8. c4 Qc7 9. Nfd2 e5 10. e4 Bg4 11. f3 Bd7 12. c5 exd4 13. cxd6 Qxd6 14. Nc4 Qc7 15. Qxd4 Be6 16. Qf2 Nbd7 17. e5 Nd5 18. f4 Nb4 19. Be4 Bd5 20. Nbd2 Bxe4 21. Nxe4 Nd3 22. Qf3 Nxb2 23. Nxb2 f6 24. exf6 Nxf6 25. Nxf6+ Bxf6 26. Rab1 Rad8 27. Nc4 b5 28. Ne3 Qb6 29. Kh1 Rd3 30. Rbe1 Re8 31. Ng4 Rxf3 32. Rxe8+ Kf7 33. Rxf3 Kxe8 34. Nxf6+ Ke7 35. Nxh7 Qd4 36. Kg2 c5 37. Ng5 c4 38. bxc4 bxc4 39. Rf2 c3 40. Re2+ Kd7 41. Nf3 Qd1 0-1

[Event "Abu Dhabi op 14th"]
[Site "Abu Dhabi"]
[Date "2004.08.15"]
[Round "2"]
[White "Al Huwar, Jasem"]
[Black "Mohamed, Hossein"]
[Result "1-0"]
[WhiteElo "2289"]
[BlackElo "2198"]
[PlyCount "87"]
[EventDate "2004.08.14"]
[EventType "swiss"]
[EventRounds "9"]
[EventCountry "UAE"]
[SourceTitle "CBM 103"]
[Source "ChessBase"]
[SourceDate "2004.11.11"]
[SourceVersion "1"]
[SourceVersionDate "2004.11.11"]
[SourceQuality "1"]

1. Nf3 Nf6 2. g3 g6 3. b3 Bg7 4. Bb2 0-0 5. Bg2 c5 6. c4 Nc6 7. 0-0 d6 8. d4 cxd4 9. Nxd4 Bd7 10. Nc3 Nxd4 11. Qxd4 Bc6 12. Nd5 Ne8 13. Qd2 Bxb2 14. Qxb2 e6 15. Nc3 Bxg2 16. Kxg2 f5 17. Rad1 Qf6 18. Na4 Qxb2 19. Nxb2 a6 20. Nd3 e5 21. Nb4 Rf7 22. Rd2 Rc8 23. Rfd1 b5 24. cxb5 axb5 25. Rd5 Rb7 26. f4 e4 27. h3 Kf7 28. g4 Ke6 29. g5 Rb6 30. R5d4 h5 31. gxh6 Nf6 32. a4 bxa4 33. bxa4 Rcb8 34. Nc2 Ra6 35. Ne3 Rh8 36. Nc2 Rxh6 37. Nb4 Rxa4 38. Rxd6+ Kf7 39. Nc6 Rh8 40. Nd8+ Kg7 41. Ne6+ Kf7 42. Ng5+ Kg7 43. Rxf6 Kxf6 44. Rd7 1-0

[Event "Arab-ch League 4th"]
[Site "Doha"]
[Date "2002.03.11"]
[Round "10"]
[White "Al Kailani, Zaid"]
[Black "Mohamed, Hossein"]
[Result "1/2-1/2"]
[WhiteElo "2095"]
[BlackElo "2177"]
[PlyCount "120"]
[EventDate "2002.03.02"]
[EventType "team-tourn"]
[EventRounds "11"]
[EventCountry "QAT"]
[SourceTitle "CBM 087 Extra"]
[Source "ChessBase"]
[SourceDate "2002.05.03"]
[SourceVersion "2"]
[SourceVersionDate "2002.08.09"]
[SourceQuality "1"]

1. e4 c5 2. Nf3 g6 3. Bc4 Bg7 4. 0-0 Nc6 5. Re1 d6 6. c3 Nf6 7. Bf1 0-0 8. d3 e5 9. Nbd2 d5 10. exd5 Nxd5 11. Nc4 f6 12. a4 Re8 13. g3 Be6 14. h3 Qd7 15. Kh2 b6 16. Qc2 Rad8 17. b3 Kh8 18. Bb2 Bg8 19. Rad1 f5 20. Bg2 Qc7 21. Kg1 a6 22. Na3 Rb8 23. Qc1 Rbd8 24. Qc2 Rd7 25. Nd2 Rb8 26. Nf1 Na5 27. Nc4 Nc6 28. Nce3 Nf6 29. Nc4 Nd5 30. Nce3 Nxe3 31. Nxe3 b5 32. axb5 axb5 33. Ra1 f4 34. Nf1 Rf8 35. Nd2 Bd5 36. Ne4 f3 37. Bf1 Nd8 38. Ba3 Ne6 39. Rac1 Ra8 40. Ra1 Rb8 41. Bb2 Bxe4 42. Rxe4 b4 43. cxb4 Nd4 44. Bxd4 cxd4 45. Qd1 Rf7 46. Rc1 Qd6 47. Rc4 Rxb4 48. Qc2 Rf8 49. Re1 Qb6 50. Rb1 Qb7 51. Rc7 Qd5 52. Ra1 Qxb3 53. Qc5 Ra4 54. Qe7 Rg8 55. Re1 Ra2 56. Qf7 Qxf7 57. Rxf7 Rb8 58. Rxf3 Kg8 59. Rc1 Ra7 60. h4 Rf8 1/2-1/2

[Event "Arab-ch League 4th"]
[Site "Doha"]
[Date "2002.03.05"]
[Round "4"]
[White "Mohamed, Hossein"]
[Black "Warrad, Atallah"]
[Result "1-0"]
[WhiteElo "2177"]
[BlackElo "2143"]
[PlyCount "83"]
[EventDate "2002.03.02"]
[EventType "team-tourn"]
[EventRounds "11"]
[EventCountry "QAT"]
[SourceTitle "CBM 087 Extra"]
[Source "ChessBase"]
[SourceDate "2002.05.03"]
[SourceVersion "2"]
[SourceVersionDate "2002.08.09"]
[SourceQuality "1"]

1. Nf3 Nf6 2. c4 g6 3. g3 Bg7 4. Bg2 0-0 5. 0-0 d6 6. d4 Nc6 7. Nc3 Bg4 8. d5 Bxf3 9. exf3 Ne5 10. Qe2 Re8 11. f4 Ned7 12. Bh3 c6 13. Bd2 cxd5 14. cxd5 Nb6 15. Qd3 Nfd7 16. Rae1 Rc8 17. f5 Ne5 18. Qe2 Nbc4 19. Bc1 Nd7 20. fxg6 hxg6 21. Ne4 Rc7 22. b3 Ncb6 23. Nxd6 Rf8 24. Qxe7 Nxd5 25. Qxd8 Rxd8 26. Re8+ Rxe8 27. Nxe8 Rc2 28. Bxd7 Bd4 29. Bg5 Rxa2 30. Nd6 Kg7 31. Nc4 f6 32. Be3 Nxe3 33. Nxe3 Kf7 34. Bb5 Ke7 35. Bc4 a6 36. Rd1 Ba7 37. Re1 Kd6 38. Re2 Ra1+ 39. Kg2 Kc5 40. Ng4 f5 41. Ne5 b5 42. Be6 1-0

[Event "Arab-ch League 4th"]
[Site "Doha"]
[Date "2002.03.03"]
[Round "2"]
[White "Mohamed, Hossein"]
[Black "Hassan, Sayed Barakat"]
[Result "0-1"]
[WhiteElo "2177"]
[BlackElo "2345"]
[PlyCount "74"]
[EventDate "2002.03.02"]
[EventType "team-tourn"]
[EventRounds "11"]
[EventCountry "QAT"]
[SourceTitle "CBM 087 Extra"]
[Source "ChessBase"]
[SourceDate "2002.05.03"]
[SourceVersion "2"]
[SourceVersionDate "2002.08.09"]
[SourceQuality "1"]

1. d4 Nf6 2. Nf3 g6 3. c4 Bg7 4. g3 0-0 5. Bg2 d6 6. 0-0 Nc6 7. Nc3 Bg4 8. d5 Na5 9. Nd2 c5 10. h3 Bd7 11. Rb1 a6 12. b3 b5 13. Bb2 Rb8 14. Qc2 bxc4 15. bxc4 Qc7 16. Ba1 e5 17. e4 Nh5 18. Rxb8 Rxb8 19. Ne2 f5 20. f4 exf4 21. Bxg7 Nxg7 22. Nxf4 Nb7 23. Nf3 Re8 24. Ng5 Nd8 25. Qd2 Bc8 26. exf5 Nxf5 27. g4 Nd4 28. Ne4 Rf8 29. g5 Bf5 30. Nf6+ Kh8 31. Ne2 Nxe2+ 32. Qxe2 Nf7 33. h4 Ne5 34. Be4 Bh3 35. Rf2 Qa5 36. Kh2 Bc8 37. Kg1 Qc3 0-1

[Event "UAE President Cup"]
[Site "Abu Dhabi"]
[Date "2001.09.20"]
[Round "8"]
[White "Mohamed, Hossein"]
[Black "Hussan, Mohamed Seif"]
[Result "1-0"]
[WhiteElo "2203"]
[BlackElo "2142"]
[PlyCount "49"]
[EventDate "2001.09.12"]
[EventType "swiss"]
[EventRounds "9"]
[EventCountry "UAE"]
[SourceTitle "CBM 084 Extra"]
[Source "ChessBase"]
[SourceDate "2001.10.26"]
[SourceVersion "1"]
[SourceVersionDate "2001.10.26"]
[SourceQuality "1"]

1. Nf3 c5 2. c4 b6 3. g3 Bb7 4. Bg2 g6 5. 0-0 Bg7 6. Nc3 d6 7. Rb1 Nf6 8. d4 cxd4 9. Qxd4 0-0 10. Qh4 Nbd7 11. Bg5 Rc8 12. Rbc1 Nc5 13. b3 Ne6 14. Bh6 Rc5 15. Bxg7 Rh5 16. Qxh5 Nxh5 17. Bxf8 Qxf8 18. Nd5 Nhg7 19. Rfd1 Nd8 20. Nd4 Nge6 21. e3 Qe8 22. Nb5 Nc6 23. Nxd6 Qd7 24. Nxb7 Qc8 25. c5 1-0

[Event "Abu Dhabi op 11th"]
[Site "Abu Dhabi"]
[Date "2001.09.02"]
[Round "8"]
[White "Mohamed, Hossein"]
[Black "Mirzoeva, Elmira"]
[Result "1/2-1/2"]
[WhiteElo "2203"]
[BlackElo "2260"]
[PlyCount "84"]
[EventDate "2001.08.25"]
[EventType "swiss"]
[EventRounds "9"]
[EventCountry "UAE"]
[SourceTitle "EXT 2002"]
[Source "ChessBase"]
[SourceDate "2001.11.25"]
[SourceVersion "1"]
[SourceVersionDate "2001.11.25"]
[SourceQuality "1"]

1. Nf3 Nf6 2. c4 g6 3. g3 Bg7 4. Bg2 0-0 5. 0-0 d6 6. d4 Nbd7 7. Nc3 e5 8. e4 exd4 9. Nxd4 Nc5 10. h3 Re8 11. Re1 a5 12. Rb1 c6 13. b3 h6 14. Bf4 g5 15. Bc1 Bd7 16. a3 Nh7 17. Bb2 Bxd4 18. Qxd4 Nxb3 19. Qxd6 Be6 20. c5 Nd2 21. Rbd1 Nc4 22. Qxd8 Raxd8 23. Bc1 Nf8 24. f4 gxf4 25. gxf4 f6 26. Kh2 Bf7 27. Bf1 Rd7 28. Rxd7 Nxd7 29. Na4 Nf8 30. Nc3 f5 31. e5 Nd7 32. Na4 b5 33. cxb6 Ncxb6 34. Rd1 Nd5 35. Bd2 Rb8 36. Bc4 Be6 37. Nc3 Rb2 38. Na4 Rb8 39. Nc3 Nc5 40. Bxd5 cxd5 41. Be3 Rb2+ 42. Kg1 Rb3 1/2-1/2

[Event "Abu Dhabi op 11th"]
[Site "Abu Dhabi"]
[Date "2001.08.30"]
[Round "6"]
[White "Mohamed, Hossein"]
[Black "Rizouk, Aimen"]
[Result "0-1"]
[WhiteElo "2203"]
[BlackElo "2442"]
[PlyCount "70"]
[EventDate "2001.08.25"]
[EventType "swiss"]
[EventRounds "9"]
[EventCountry "UAE"]
[SourceTitle "EXT 2002"]
[Source "ChessBase"]
[SourceDate "2001.11.25"]
[SourceVersion "1"]
[SourceVersionDate "2001.11.25"]
[SourceQuality "1"]

1. c4 e5 2. Nc3 Nc6 3. g3 g6 4. Bg2 Bg7 5. e3 d6 6. Nge2 f5 7. d3 Nf6 8. 0-0 0-0 9. Rb1 Kh8 10. b4 Ne7 11. f4 h6 12. Bb2 c6 13. b5 c5 14. fxe5 dxe5 15. Na4 Qc7 16. Ba3 Nd7 17. d4 Nb6 18. dxc5 Nxc4 19. b6 Qd8 20. c6 Nxa3 21. Qxd8 Rxd8 22. cxb7 Bxb7 23. Bxb7 Nxb1 24. Rxb1 axb6 25. Bxa8 Rxa8 26. Nxb6 Rxa2 27. Nc3 Ra3 28. Nbd5 Nxd5 29. Nxd5 Rd3 30. Ne7 Bf6 31. Nc6 Rxe3 32. Nb4 Bg5 33. Kf2 e4 34. Nd5 Rd3 35. Rb8+ Kg7 0-1

[Event "Abu Dhabi op 11th"]
[Site "Abu Dhabi"]
[Date "2001.08.28"]
[Round "4"]
[White "Barsov, Alexei"]
[Black "Mohamed, Hossein"]
[Result "1/2-1/2"]
[WhiteElo "2495"]
[BlackElo "2203"]
[PlyCount "34"]
[EventDate "2001.08.25"]
[EventType "swiss"]
[EventRounds "9"]
[EventCountry "UAE"]
[SourceTitle "EXT 2002"]
[Source "ChessBase"]
[SourceDate "2001.11.25"]
[SourceVersion "1"]
[SourceVersionDate "2001.11.25"]
[SourceQuality "1"]

1. d4 c5 2. d5 d6 3. e4 Nf6 4. Nc3 g6 5. Nf3 Bg7 6. Be2 0-0 7. 0-0 Na6 8. Re1 Nc7 9. a4 b6 10. h3 Bb7 11. Bf4 Qd7 12. Bc4 Rad8 13. Bh2 a6 14. Qd3 Qc8 15. Ra3 e6 16. dxe6 fxe6 17. e5 dxe5 1/2-1/2

[Event "Olympiad-34"]
[Site "Istanbul"]
[Date "2000.10.31"]
[Round "4.4"]
[White "Mohamed, Hossein"]
[Black "Htun, Lynn Kyaw"]
[Result "0-1"]
[WhiteElo "2173"]
[BlackElo "2427"]
[PlyCount "80"]
[EventDate "2000.10.28"]
[EventType "team-swiss"]
[EventRounds "14"]
[EventCountry "TUR"]
[SourceTitle "EXT 2001"]
[Source "ChessBase"]
[SourceDate "2000.11.22"]
[SourceVersion "1"]
[SourceVersionDate "2000.11.22"]
[SourceQuality "1"]
[WhiteTeam "United Arab Emirates"]
[BlackTeam "Myanmar"]
[WhiteTeamCountry "UAE"]
[BlackTeamCountry "MYA"]

1. Nf3 c5 2. c4 Nc6 3. g3 Nf6 4. Bg2 g6 5. b3 Bg7 6. Bb2 0-0 7. 0-0 d6 8. d4 cxd4 9. Nxd4 Bd7 10. Nc2 Qa5 11. Nc3 Ne4 12. b4 Nxc3 13. Bxc3 Qc7 14. Bxg7 Kxg7 15. Rc1 Be6 16. Bd5 Rfc8 17. Nd4 Bh3 18. Bg2 Bxg2 19. Kxg2 Nxb4 20. Qd2 Nc6 21. h4 Qa5 22. Nb3 Qxd2 23. Nxd2 Na5 24. Rc3 Rc7 25. Rfc1 Rac8 26. a4 d5 27. c5 b6 28. Nb3 Nb7 29. c6 Nd8 30. Nd4 e5 31. Nb5 Rxc6 32. Rxc6 Rxc6 33. Rd1 d4 34. Nxa7 Rc4 35. Ra1 Nb7 36. Nb5 Rc2 37. Kf1 Nc5 38. Na3 Rc3 39. Nb5 Rb3 40. Nd6 Rb4 0-1

[Event "Wch U16"]
[Site "Oropesa del Mar"]
[Date "2000.10.14"]
[Round "4"]
[White "Mohamed, Hossein"]
[Black "Antal, Gergely"]
[Result "0-1"]
[WhiteElo "2173"]
[BlackElo "2405"]
[PlyCount "32"]
[EventDate "2000.10.11"]
[EventType "swiss"]
[EventRounds "11"]
[EventCountry "ESP"]
[SourceTitle "EXT 2001"]
[Source "ChessBase"]
[SourceDate "2000.11.22"]
[SourceVersion "1"]
[SourceVersionDate "2000.11.22"]
[SourceQuality "1"]

1. Nf3 f5 2. c4 Nf6 3. g3 g6 4. Bg2 Bg7 5. 0-0 d6 6. d4 0-0 7. Nc3 Qe8 8. Nb5 Na6 9. d5 c6 10. Nc3 Nc7 11. e4 Nxe4 12. Nxe4 fxe4 13. Ng5 b5 14. dxc6 bxc4 15. Bxe4 h6 16. Nf3 Bg4 0-1

[Event "Arab-ch U16"]
[Site "Beirut"]
[Date "2000.??.??"]
[Round "4"]
[White "Al Saffar, Araz Basim Mohammed"]
[Black "Mohamed, Hossein"]
[Result "0-1"]
[WhiteElo "2195"]
[BlackElo "2188"]
[PlyCount "128"]
[EventDate "2000.??.??"]
[EventType "swiss"]
[EventRounds "9"]
[EventCountry "LBN"]
[SourceTitle "EXT 2001"]
[Source "ChessBase"]
[SourceDate "2000.11.22"]
[SourceVersion "1"]
[SourceVersionDate "2000.11.22"]
[SourceQuality "1"]

1. d4 c5 2. c3 Nf6 3. Nf3 b6 4. g3 Bb7 5. Bg2 e6 6. 0-0 Be7 7. Nbd2 0-0 8. Re1 cxd4 9. cxd4 d5 10. Ne5 Nc6 11. Ndf3 Ne4 12. Nxc6 Bxc6 13. Bf4 f6 14. Nd2 Qd7 15. f3 Nxd2 16. Qxd2 Rac8 17. Rac1 Rfd8 18. a3 Ba4 19. Rxc8 Rxc8 20. Rc1 Rc6 21. Rc3 Qc8 22. Rxc6 Qxc6 23. Qc1 Qxc1+ 24. Bxc1 Bd6 25. e4 Bc6 26. Kf2 Kf7 27. Bf4 e5 28. dxe5 fxe5 29. exd5 Bxd5 30. Bd2 Bc5+ 31. Be3 Bxe3+ 32. Kxe3 Ke7 33. Bf1 Kd6 34. Bd3 h6 35. h4 g5 36. hxg5 hxg5 37. Be4 Bc4 38. Bb7 Bb3 39. Kd3 a5 40. Ba8 Bf7 41. Be4 Be6 42. Kc3 Bf7 43. b4 Be6 44. Bd3 Bd5 45. Be2 Kc6 46. Bd1 Kb5 47. g4 Be6 48. Bc2 Bd5 49. a4+ Ka6 50. Be4 Be6 51. Bd3+ Kb7 52. Bf5 Bf7 53. bxa5 bxa5 54. Kd3 Kc7 55. Kc3 Kd6 56. Be4 Kc5 57. Bb7 Be8 58. Kb3 Kd4 59. Be4 Bd7 60. Bb7 Be6+ 61. Kb2 Bc4 62. Kc2 Ke3 63. Kc3 Be2 64. Bc8 Kxf3 0-1

[Event "Arab-ch U16"]
[Site "Beirut"]
[Date "2000.??.??"]
[Round "5"]
[White "Mohamed, Hossein"]
[Black "Amin, Bassem"]
[Result "1-0"]
[WhiteElo "2188"]
[BlackElo "2107"]
[PlyCount "65"]
[EventDate "2000.??.??"]
[EventType "swiss"]
[EventRounds "9"]
[EventCountry "LBN"]
[SourceTitle "EXT 2001"]
[Source "ChessBase"]
[SourceDate "2000.11.22"]
[SourceVersion "1"]
[SourceVersionDate "2000.11.22"]
[SourceQuality "1"]

1. Nf3 d5 2. c4 e6 3. g3 Nf6 4. Bg2 Be7 5. 0-0 0-0 6. b3 c5 7. cxd5 Nxd5 8. Bb2 Bf6 9. Nc3 Nc6 10. a3 b6 11. Qc2 Bb7 12. Rac1 Rc8 13. Qb1 Na5 14. Ba1 c4 15. b4 Nb3 16. Rcd1 a5 17. bxa5 Nxa1 18. Qxa1 b5 19. e4 Nxc3 20. dxc3 Qxa5 21. Nd4 Ra8 22. Qb2 Bxd4 23. Rxd4 e5 24. Rd6 Qxa3 25. Qxa3 Rxa3 26. Rb6 Ba6 27. Rd1 f6 28. Bh3 Ra8 29. Rdd6 b4 30. Rxb4 Rxc3 31. Be6+ Kf8 32. Bd5 Ra7 33. Ra4 1-0

[Event "Abu Dhabi op 09th"]
[Site "Abu Dhabi"]
[Date "1999.08.27"]
[Round "6"]
[White "Mohamed, Hossein"]
[Black "Asylguzhin, Radik"]
[Result "1-0"]
[WhiteElo "2174"]
[BlackElo "2294"]
[PlyCount "59"]
[EventDate "1999.08.21"]
[EventType "swiss"]
[EventRounds "9"]
[EventCountry "UAE"]
[SourceTitle "EXT 2000"]
[Source "ChessBase"]
[SourceDate "1999.11.16"]
[SourceVersion "1"]
[SourceVersionDate "1999.11.16"]
[SourceQuality "1"]

1. Nf3 d6 2. d4 Nf6 3. c4 g6 4. Nc3 Bg7 5. g3 0-0 6. Bg2 Nbd7 7. 0-0 e5 8. e4 c6 9. h3 Qe7 10. Re1 h6 11. Be3 Re8 12. Qd2 Kh7 13. Rad1 b6 14. b4 Bb7 15. a3 a5 16. Qb2 axb4 17. axb4 exd4 18. Bxd4 c5 19. bxc5 dxc5 20. Bxf6 Bxf6 21. e5 Nxe5 22. Nxe5 Bxg2 23. Ng4 Qxe1+ 24. Rxe1 Rxe1+ 25. Kxg2 Bg7 26. Qd2 Raa1 27. Nd5 Rg1+ 28. Kf3 Ra3+ 29. Ke2 Rga1 30. Ndf6+ 1-0